| 000 | 00796nam a2200289Ia 4500 | ||
|---|---|---|---|
| 008 | 160803s9999 xx 000 0 und d | ||
| 020 | _a9780979923852 | ||
| 100 | _aLynch, Jay | ||
| 245 | _aMo and Jo : fighting together forever / | ||
| 245 | _cby [illustrator] Dean Haspiel & Jay Lynch. | ||
| 260 | _aNew York : | ||
| 260 | _bScholastic Inc. | ||
| 260 | _c2008 | ||
| 300 | _a40 pages : | ||
| 300 | _bcolor illustrations ; | ||
| 300 | _c24 cm. | ||
| 440 | _aToon books. | ||
| 650 | _aBrothers and sisters -- Comic books, strips, etc. -- | ||
| 650 | _aHeroes -- | ||
| 650 | _aTwins -- | ||
| 650 | _aTwins -- Comic books, strips, etc. -- | ||
| 650 | _xFiction. | ||
| 650 | _xFiction. | ||
| 650 | _xJuvenile fiction. | ||
| 650 | _xJuvenile fiction. | ||
| 700 | _a240 | ||
| 999 |
_c299846 _d299846 |
||